[Event "Floripa Chess Open 2024"]
[Site "Florianopolis"]
[Date "2024.01.22"]
[Round "3.58"]
[White "Silva, Guilherme Henrique"]
[Black "Vitielo, Alecio Elias"]
[Result "1-0"]
[WhiteElo "2068"]
[BlackElo "1768"]
[PlyCount "75"]
[EventDate "2024.01.20"]
[EventRounds "10"]
[EventCountry "BRA"]

1. e4 d5 2. exd5 Nf6 3. d4 Bg4 4. Nf3 Nxd5 5. Be2 g6 6. h3 Bf5 7. a3 Bg7 8. O-O
O-O 9. c4 Nb6 10. b4 $146 ({RR} 10. Nc3 c6 11. b4 Qc7 12. Bb2 Rd8 13. Qd2 e5
14. Rad1 e4 15. Nh2 Be5 16. Ng4 Bxg4 17. Bxg4 Nxc4 18. Qe2 Bh2+ 19. Kh1 Nxb2
20. Qxb2 Bf4 21. Qb3 Kh8 22. Nxe4 f5 23. Nc5 fxg4 24. Ne6 Qf7 {Van Eijk,M-Van
Overdam,J Geldrop 2007 0-1 (42)}) 10... a5 11. Bb2 axb4 12. axb4 Rxa1 13. Bxa1
Nc6 14. Qd2 Be4 15. c5 Nc8 16. Rd1 e6 17. b5 N6e7 18. Nc3 Bd5 19. Bb2 Bb3 20.
Ra1 Bd5 21. Ne1 Nf5 22. Nxd5 Qxd5 23. Bf3 Qc4 24. Be2 Qd5 25. Bf3 Qc4 26. b6
cxb6 27. Bxb7 bxc5 28. dxc5 Bh6 29. Qc3 Qxc3 30. Bxc3 Bg7 31. Bxg7 Kxg7 32. Nd3
Kf6 33. Ra8 Nfe7 34. Kf1 Rd8 35. Ke2 Kg7 36. Ne5 Kf8 37. c6 f6 38. Nd7+ 1-0

[Event "Floripa Chess Open 2024"]
[Site "Florianopolis"]
[Date "2024.01.22"]
[Round "3.59"]
[White "Pereira, Arthur Macedo"]
[Black "Araujo, Renan Aparecido"]
[Result "1/2-1/2"]
[WhiteElo "1764"]
[BlackElo "2062"]
[PlyCount "46"]
[EventDate "2024.01.20"]
[EventRounds "10"]
[EventCountry "BRA"]

1. Nf3 d6 2. c4 e5 3. Nc3 Nf6 4. g3 Be7 5. Bg2 Nc6 6. O-O O-O 7. d4 Bg4 8. d5 (
{RR} 8. dxe5 dxe5 9. h3 Be6 10. b3 h6 11. Bb2 e4 12. Nd2 e3 13. Nde4 exf2+ 14.
Rxf2 Qxd1+ 15. Rxd1 Rad8 16. e3 Rxd1+ 17. Nxd1 Nxe4 18. Bxe4 Rd8 19. Nc3 Bxh3
20. Kh2 Be6 21. Nb5 Rd7 22. Bxc6 bxc6 {Jessel,S (2285)-Dotzer,L (2415) chess.
com INT 2023 1/2-1/2 (72)}) 8... Nb8 ({RR} 8... Na5 9. b3 c6 10. Bb2 Rc8 11. e4
Qb6 12. Re1 cxd5 13. Nxd5 Nxd5 14. cxd5 Bg5 15. Qd3 Bxf3 16. Bxf3 Rc7 17. h4
Bh6 18. Bg4 Nc4 19. Bc1 Bxc1 20. Raxc1 Na3 21. Qd2 Nb5 22. Rxc7 Qxc7 23. Rc1 {
Mendonca,M (2410)-Bortnyk,O (2598) chess.com INT 2020 0-1 (32)}) 9. h3 Bxf3 10.
Bxf3 Ne8 $146 ({RR} 10... Nbd7 11. e4 Ne8 12. h4 g6 13. h5 Bg5 14. Kg2 f5 15.
Rh1 Bxc1 16. Qxc1 f4 17. hxg6 hxg6 18. Rh6 Qg5 19. Qh1 Nef6 20. Qh3 fxg3 21.
Rh1 Nh5 22. Qe6+ Kg7 23. R6xh5 gxh5 24. Rxh5 Qg6 25. Qxd7+ {Wenzel,R (1930)
-Rhodin,C (2255) Germany 1988 1/2-1/2 (43)}) ({RR} 10... Nfd7 11. Bg2 f5 12.
Rb1 a5 13. a3 Bg5 14. e3 f4 15. b4 fxg3 16. fxg3 axb4 17. axb4 Nf6 18. h4 Bh6
19. g4 g5 20. e4 Ne8 21. Rxf8+ Kxf8 22. Qf3+ Kg8 23. Bd2 Nd7 24. Rf1 Qe7 25.
hxg5 {Hernandez Alvarez,T (2216)-Arribas Robaina,M (2338) Varadero 2000 0-1  
(74)}) 11. e4 Bg5 12. Qc2 c5 13. Bxg5 Qxg5 14. h4 Qe7 15. a3 Nd7 16. b4 Rc8 17.
bxc5 Nxc5 18. Bg4 Rb8 19. Rab1 g6 20. Na4 b6 21. Nxc5 dxc5 22. f4 exf4 23. Rxf4
Nd6 1/2-1/2

[Event "Floripa Chess Open 2024"]
[Site "Florianopolis"]
[Date "2024.01.22"]
[Round "3.60"]
[White "Felix, Raimundo Nascimento"]
[Black "Dias, Anderson Tatsch"]
[Result "0-1"]
[WhiteElo "1749"]
[BlackElo "2058"]
[PlyCount "78"]
[EventDate "2024.01.20"]
[EventRounds "10"]
[EventCountry "BRA"]

1. c4 {Roiz,M} c5 2. Nf3 Nc6 3. g3 g6 4. Bg2 Bg7 5. Nc3 e5 6. O-O Nge7 7. d3 d6
8. a3 a5 9. Ne1 Be6 10. Bg5 f6 11. Bd2 O-O 12. Rb1 d5 13. cxd5 ({RR} 13. Na4 b6
14. b4 axb4 15. axb4 cxb4 16. Bxb4 Nxb4 17. Rxb4 Rb8) 13... Nxd5 14. Ne4 ({RR} 
14. Qb3 Nc7 15. Qb6 ({RR} 15. Qd1 Qe7 ({RR} 15... Nd4 16. b4 axb4 17. axb4 cxb4
({RR} 17... c4 18. Bxb7 Rb8 19. Bg2 f5) 18. Rxb4 Na6 19. Rxb7 Nc5 20. Rb1)) ({
RR} 15. Qxb7 Nd4 16. Nf3 Rb8 17. Qe4 Qd7 18. Qe3 Rfc8) 15... Nd4 16. Nf3 ({RR} 
16. f4 f5 ({RR} 16... exf4 17. Bxb7 ({RR} 17. Bxf4 Nd5 18. Nxd5 Bxd5 19. Bxd5+
Qxd5 20. e4 Qd7 21. Qxc5 f5) 17... Rb8 ({RR} 17... Nd5 18. Qxc5 Nb3 19. Qc6
Nxd2 20. Qxe6+ Kh8 21. Bxd5 Re8 22. Qh3 Nxb1 23. Bxa8 Nxc3 24. bxc3 Qxa8 25.
Qg2) 18. Bxf4 Rf7 19. e3 Ncb5 20. Qxd8+ Rxd8 21. Nxb5 Ne2+ 22. Kf2 Nxf4 23. Bc6
Nxd3+ 24. Nxd3 Rxd3 25. Rfd1 Rb3 26. Rd2) 17. fxe5 Bxe5 18. Qxc5 Bg7) 16... Ra6
17. Qxb7 Nxe2+ 18. Kh1 ({RR} 18. Nxe2 Bd5 19. Qxa6 Nxa6) 18... Nxc3 19. bxc3
Bd5 ({RR} 19... c4 20. d4 Bd5 21. Qb2 Qa8 22. Ne1 exd4 23. cxd4 f5) 20. Qb2 Qa8
21. Ne1 Rd6 22. d4 ({RR} 22. Be3 Ne6 23. Bxd5 Qxd5+ 24. Kg1 f5 25. c4 Qa8)
22... Rfd8 ({RR} 22... Bxg2+ 23. Nxg2 cxd4 24. cxd4 Rxd4) 23. Kg1 cxd4 24. cxd4
Bxg2 25. Nxg2 Rxd4 26. Bc3 ({RR} 26. Be3 Rd3 27. Bb6 R8d7) 26... R4d7 ({RR} 
26... Rd3) 27. Ne3 Nd5 28. Nxd5 Rxd5 {Svidler,P (2745)-Giri,A (2755) Moscow
2016 CBM 175 [Roiz,M] 0-1 (59)}) ({RR} 14. Nc2 f5 15. Ne3 Nde7 ({RR} 15... Nb6
16. b3 Rb8 17. Nc4 Nd7 18. Nb5 Ra8 19. e3) 16. Na4 b6 17. b4 axb4 18. axb4 f4
19. Nc4 Rb8) ({RR} 14. Rc1 b6 15. Qb3 Nce7 16. Nxd5 Nxd5 17. Qa4 Qd6 18. Nc2
Kh8 19. Ne3 Nxe3 20. Bxe3 Rab8 21. Rb1 f5 22. b4 axb4 23. axb4 c4 24. dxc4 Bxc4
25. Rfd1 Qe6 26. Rbc1 Bxe2 27. Rd2 b5 28. Qa7 Bc4 {Movahed,S (2340)
-Aydincelebi,K (2280) chess.com INT 2023 1/2-1/2 (78)}) 14... b6 15. Nc2 a4
$146 ({RR} 15... Qe7 16. Nc3 Nxc3 17. bxc3 Qc7 18. Ne3 Rad8 19. Qa4 Ne7 20. c4
Kh8 21. Qb5 Rb8 22. Bc3 Bd7 23. Qb2 Bc6 24. Bxc6 Qxc6 25. Qb5 Qd6 26. Rfd1 f5
27. Qb2 Bf6 28. Qa2 Kg7 29. Rb3 h5 30. Qb2 {Franca Junior,J (1722)-Lima,A  
(1883) Recife BRA 2022 0-1 (48)}) ({RR} 15... Qd7 16. Re1 Rfc8 17. Ne3 Nxe3 18.
Bxe3 Bd5 19. Qa4 Qe6 20. Rbc1 Kh8 21. Nc3 Bxg2 22. Kxg2 f5 23. Qc4 Qd7 24. Kg1
Rab8 25. Qh4 Qe6 26. Qc4 Qd7 27. a4 Re8 28. Kg2 Re6 29. f3 Rd8 30. Bg5 {
Malmstig,E (2295)-Livner,A (2321) Sweden 2017 0-1 (44)}) 16. Ne3 Nxe3 17. Bxe3
Qd7 18. Re1 Ba2 19. Rc1 Bb3 20. Qd2 Bd5 21. Bh6 Nd4 22. Bxg7 Kxg7 23. Qc3 Qc6
24. f3 Nb3 25. Rc2 Rad8 26. e3 Rfe8 27. Rf1 Bxe4 28. dxe4 b5 29. f4 c4 30. fxe5
Rxe5 31. Rcf2 Rd3 32. Qe1 Rd6 33. Qc3 Qc5 34. Qe1 Ree6 35. Re2 Rd3 36. Qf2 Qe5
37. Qf4 g5 38. Qf3 Nd2 39. Qh5 Nxf1 0-1

[Event "Floripa Chess Open 2024"]
[Site "Florianopolis"]
[Date "2024.01.22"]
[Round "3.61"]
[White "Moura, Eduardo Eugenio Cha"]
[Black "Silva, Juliana Figueira Th"]
[Result "1/2-1/2"]
[WhiteElo "2055"]
[BlackElo "1747"]
[PlyCount "45"]
[EventDate "2024.01.20"]
[EventRounds "10"]
[EventCountry "BRA"]

1. e4 c5 2. c3 d5 3. exd5 Qxd5 4. d4 Nf6 5. Nf3 e6 6. Be3 cxd4 7. cxd4 Nc6 8.
Nc3 Qd6 9. Bd3 Be7 10. O-O O-O 11. a3 a6 12. Rc1 Rd8 13. Ne4 Nxe4 14. Bxe4 Bf6
15. Qc2 h6 16. Rfd1 Ne7 17. Bh7+ $146 ({RR} 17. Ne5 Nd5 18. Nc4 Qc7 19. Qb3 b5
20. Ne5 Bxe5 21. Rxc7 Bxc7 22. Rc1 Bb7 23. Rxc7 Nxc7 24. Bxb7 Rab8 25. Bf3 Nd5
26. Bxd5 Rxd5 27. Qc2 a5 28. Qc7 Ra8 29. g4 a4 30. h4 Rad8 31. Kg2 R8d7 {
Iordachescu,V (2601)-Dutreeuw,M (2389) Turin 2006 1-0 (43)}) 17... Kh8 18. Ne5
Rf8 19. Bf4 Qd8 20. Be4 Nd5 21. Bxd5 exd5 22. Qc7 Kg8 23. h3 1/2-1/2

[Event "Floripa Chess Open 2024"]
[Site "Florianopolis"]
[Date "2024.01.22"]
[Round "3.62"]
[White "Fuxz, Diego"]
[Black "Urquiza, Marcello De Albuque"]
[Result "1/2-1/2"]
[WhiteElo "1749"]
[BlackElo "2050"]
[PlyCount "36"]
[EventDate "2024.01.20"]
[EventRounds "10"]
[EventCountry "BRA"]

1. c4 e5 2. Nc3 Bb4 3. Nd5 Be7 4. Nf3 d6 5. d4 e4 6. Nxe7 $146 ({RR} 6. Nd2 f5
7. e3 c6 8. Nxe7 Qxe7 9. Be2 Nf6 10. O-O O-O 11. b4 Be6 12. a4 Nbd7 13. Ba3 Bf7
14. Nb3 Rfc8 15. Qc2 Bh5 16. Bxh5 Nxh5 17. f3 Nhf6 18. fxe4 fxe4 19. Qe2 Qf7
20. Nd2 Qe6 {Kamp,C (2275)-Mainka,G (2260) Germany 1988 1/2-1/2 (36)}) ({RR} 6.
Nd2 f5 7. e3 c6 8. Nxe7 Nxe7 9. b3 O-O 10. Be2 Nd7 11. O-O Nf6 12. Ba3 Be6 13.
Rc1 Qd7 14. d5 cxd5 15. cxd5 Nexd5 16. Nc4 b5 17. Na5 Rac8 18. Qd4 f4 19. exf4
Nxf4 20. Qd2 N6d5 {So,W (2778)-Caruana,F (2781) Saint Louis USA 2022 0-1 (60)})
({RR} 6. Nd2 f5 7. Nxe7 Qxe7 8. Nb1 Nf6 9. Nc3 O-O 10. e3 Nc6 11. b3 Bd7 12.
Be2 Rae8 13. Qd2 Qf7 14. Ba3 Kh8 15. O-O-O a5 16. Nb5 Rc8 17. d5 Nb4 18. Bxb4
axb4 19. Qxb4 Bxb5 20. Qxb5 Ra8 {Markus,R (2598)-Gurel,E (2489) Herceg Novi
MNE 2023 1-0 (66)}) ({RR} 6. Nd2 f5 7. e3 Nf6 8. Be2 O-O 9. O-O c6 10. Nxe7+
Qxe7 11. b4 a5 12. Qa4 f4 13. exf4 e3 14. fxe3 Qxe3+ 15. Rf2 Qxd4 16. Nb3 Qe4
17. bxa5 Bg4 18. Bf1 c5 19. Nd2 Qe7 20. Bb2 Nc6 {Siegel,G (2285)-Gavrikov,V  
(2575) Switzerland 1993 1/2-1/2 (60)}) 6... Qxe7 7. Ng5 h6 8. Nh3 Bxh3 9. gxh3
f5 10. Qb3 c6 11. Rg1 Nf6 12. Bf4 Na6 13. O-O-O O-O-O 14. Kb1 Nh5 15. Bd2 c5
16. e3 Rhg8 17. Be2 Nf6 18. Rg6 Nc7 1/2-1/2

[Event "Floripa Chess Open 2024"]
[Site "Florianopolis"]
[Date "2024.01.22"]
[Round "3.63"]
[White "Mariani, Daniel Brandao"]
[Black "Silver, Fernanda Luise"]
[Result "1/2-1/2"]
[WhiteElo "2040"]
[BlackElo "1749"]
[PlyCount "35"]
[EventDate "2024.01.20"]
[EventRounds "10"]
[EventCountry "BRA"]

1. d4 d5 2. c4 e6 3. Nf3 Nf6 4. g3 Nbd7 5. Bg2 Bb4+ 6. Bd2 Bxd2+ 7. Nbxd2 O-O
8. O-O b6 ({RR} 8... a5 9. Qc2 c6 10. e4 dxe4 11. Nxe4 Nxe4 12. Qxe4 c5 13.
Rfd1 Qb6 14. Rd2 cxd4 15. Ng5 Nf6 16. Qxd4 Qxd4 17. Rxd4 Rb8 18. Rad1 b6 19.
Ne4 Nxe4 20. Bxe4 Bb7 21. Bxb7 Rxb7 22. Rd7 Rxd7 23. Rxd7 {Damljanovic,B (2607)
-Lajthajm,B (2496) Tivat 2011 1-0 (57)}) 9. Qc2 ({RR} 9. Rc1 c5 10. b3 Bb7 11.
e3 Rc8 12. Qe2 Ne4 13. cxd5 exd5 14. Nxe4 dxe4 15. Nd2 Qe7 16. Rfd1 Rfd8 17.
Nc4 g6 18. d5 f5 19. Qb2 Nf6 20. d6 Qe6 21. Bf1 Bd5 22. a4 Kg7 23. Rd2 Kh6 {
Mwale,J (2131)-Altell,M (1807) Chennai IND 2022 1/2-1/2 (93)}) 9... Bb7 10.
Rfd1 Rc8 $146 ({RR} 10... c5 11. dxc5 Nxc5 12. b4 Na6 13. a3 Rc8 14. Qb2 Qe7
15. Rac1 Rfd8 16. cxd5 Bxd5 17. Ne5 Bxg2 18. Kxg2 Qb7+ 19. Ndf3 Rxd1 20. Rxd1
h6 21. Rd4 Nc7 22. Qd2 Ncd5 23. Nc4 Qc7 24. e4 b5 25. Nce5 {Eingorn,V (2604)
-Pascal,P (2193) Metz 2003 1-0 (83)}) 11. b4 dxc4 12. Nxc4 Qe7 13. Qb3 Ba8 14.
Rac1 c5 15. dxc5 bxc5 16. b5 Bd5 17. Nfd2 Rb8 18. e4 1/2-1/2

[Event "Floripa Chess Open 2024"]
[Site "Florianopolis"]
[Date "2024.01.22"]
[Round "3.64"]
[White "Veloso, Henrique Barbosa"]
[Black "De Sousa, Alex Aecio"]
[Result "1/2-1/2"]
[WhiteElo "2029"]
[BlackElo "1742"]
[PlyCount "68"]
[EventDate "2024.01.20"]
[EventRounds "10"]
[EventCountry "BRA"]

1. d4 {Krasenkow,M} Nf6 2. c4 g6 3. Nc3 d5 4. Nf3 Bg7 5. Qb3 dxc4 6. Qxc4 O-O
7. e4 a6 8. Be2 b5 9. Qb3 c5 10. dxc5 Be6 11. Qc2 Nbd7 12. Be3 Rc8 13. Rd1 b4
14. Na4 ({RR} 14. Nd5 Bxd5 15. exd5 Nxc5 16. O-O a5 ({RR} 16... Nce4 17. Qd3 a5
18. Ne5 Qc7 19. f4 Qc2 20. Nc6 Qxd3 21. Nxe7+ Kh8 22. Rxd3 Rc7 23. Nc6 Nxd5 24.
Rxd5 Rxc6 25. f5 Bxb2 26. Rxa5 Rd6 27. Bf3) ({RR} 16... Qd6 17. Rc1 Qb8 18.
Bxc5 Nd7 19. Bxa6 Rxc5 20. Qd2 Rd8 21. Rxc5 Nxc5 22. Bc4 e6 23. Rd1 Na4 24. Bb3
Nc5 25. Bc4 Na4 26. Bb3 Nc5 27. Qe3 Nxb3 28. Qxb3 exd5 29. Ne1 Qd6 30. Nd3 Bf8
31. g3) 17. Bc4 ({RR} 17. h3 Nce4 18. Qb1 Nd6 19. Ba6 Ra8 20. Be2 Rc8 21. Rfe1
Nf5 22. Bc1 Rc5 23. g4 Nd6 24. Nd4 Qb6 25. Nb3 Rxd5) ({RR} 17. Rfe1 Nb7 ({RR} 
17... Ncd7 18. Bc4 Ng4 19. Bd4 Qc7 20. Bxg7 Kxg7 21. b3 Qc5 22. Qe2 Nb6 23. Nd4
Nf6 24. d6) 18. Qd2 Nc5 19. Bb5 Nce4 20. Qd3 Nc5 21. Qc2 Nce4 22. Bc6 Nd6 23.
Bf4 Qb6 24. Qe2 Nf5 25. Ne5 Nh5 26. Bc1 Nd4 27. Qe3 Bxe5 28. Qxe5 Nxc6 29. dxc6
Rxc6 30. Qxe7 Rc2) ({RR} 17. Bb5 Nce4 18. Bc6 Nd6 19. Qe2 Nf5 20. Rfe1 ({RR} 
20. Bg5 h6 21. Bxf6 Bxf6 22. Rfe1 Qc7 23. Bb5 Rfd8 24. Ba6 Ra8 25. Rc1 Qd6 26.
Bd3 Qxd5 27. Be4 Qxa2 28. Bxa8 Rxa8) ({RR} 20. Ne5 Qc7 21. f4 Nxe3 22. Qxe3 Qd6
23. Qa7 Qc7) 20... Qc7 21. Rc1 Ng4 22. Bc5 Nd4 ({RR} 22... Nh4) 23. Bxd4 Bxd4
24. Rf1 Bf6) 17... Qd6 18. Bd4 Ncd7 ({RR} 18... Ng4 19. Bxg7 Kxg7 20. Rfe1 Nd7
21. Qe2 Nb6 22. b3 Rfd8) 19. Qe2 Ng4 20. Rfe1 Rfe8 21. Ba6 Ra8 ({RR} 21... Rc7
22. Bxg7 Kxg7 23. h3 Ngf6 24. Nd4) 22. Bb5 Bxd4 23. Rxd4 Ngf6 24. h3 Rab8 25.
Ba4 Red8 26. Qxe7 Nb6 27. Bd1 Rbc8 28. Qa7 Ra8 {Aronian,L (2808)-Grischuk,A  
(2747) Kazan 2011 CBM 143 [Krasenkow,M] 1/2-1/2 (59)}) 14... Qa5 15. b3 Nxc5
$146 ({RR} 15... Ng4 16. Bd4 Bxd4 17. Nxd4 Nxc5 18. Nxc5 Rxc5 19. Qd2 Nf6 20.
Nxe6 fxe6 21. f3 e5 22. Bc4+ Kg7 23. O-O Rc7 24. Qe3 Rd7 25. Be6 Rxd1 26. Rxd1
Qc7 27. Bc4 a5 28. Qd2 Rb8 29. Qd3 Kf8 30. g3 {Urh,Z (2248)-Moksh,A (2203)
Balatonlelle HUN 2018 0-1 (68)}) ({RR} 15... Ng4 16. Bd4 Bxd4 17. Nxd4 Nxc5 18.
Nxc5 Rxc5 19. Qd2 Bc8 20. O-O Nf6 21. Bf3 Bb7 22. Rfe1 Rd8 23. Qe2 e5 24. Nc2
Rxd1 25. Qxd1 Qb6 26. Qd2 a5 27. h3 Qc7 28. Ne3 Bxe4 29. Bxe4 Nxe4 30. Qd3 {
Hamley,R (2077)-Shahade,G (2476) chess.com INT 2022 0-1 (70)}) 16. Nxc5 Nd7 17.
Rxd7 Bxd7 18. O-O Rc7 19. Bc4 Bb5 20. Bxb5 Qxb5 21. e5 Rfc8 22. e6 Rxc5 23.
exf7+ Kf8 24. Bxc5 Qxc5 25. Qe2 a5 26. h4 Bf6 27. Rd1 Kxf7 28. Qa6 Rc6 29. Qa8
Rc8 30. Qb7 Rc7 31. Qb8 Rc8 32. Qf4 Kg7 33. g4 Rf8 34. Qe4 Bxh4 1/2-1/2

[Event "Floripa Chess Open 2024"]
[Site "Florianopolis"]
[Date "2024.01.22"]
[Round "3.65"]
[White "De Almeida, Guilherme Pereira"]
[Black "Kayser, Gustavo Warmling"]
[Result "0-1"]
[WhiteElo "1731"]
[BlackElo "2029"]
[PlyCount "52"]
[EventDate "2024.01.20"]
[EventRounds "10"]
[EventCountry "BRA"]

1. e4 c5 2. Nf3 Nc6 3. b4 cxb4 4. d4 d5 5. exd5 Qxd5 6. c4 bxc3 7. Nxc3 Qa5 8.
Rb1 e6 9. Bd2 Nf6 10. Bb5 Bb4 11. Qb3 Bxc3 12. Bxc3 Qc7 13. O-O O-O 14. Rfc1
Bd7 15. Bd3 Rab8 $146 ({RR} 15... Bc8 16. Ba1 Qe7 17. Ne5 Nxe5 18. dxe5 Nd5 19.
Rc4 g6 20. Bb2 Rd8 21. f4 b6 22. Ba3 Qd7 23. Be4 Bb7 24. Rbc1 Rac8 25. Rxc8
Rxc8 26. Rxc8+ Qxc8 27. Bxd5 Bxd5 28. Qg3 Qc2 29. Bd6 Qb1+ 30. Kf2 {Kondziela,
A (1760)-Kroder,J (2109) Hanau 2010 0-1 (40)}) 16. Bd2 Qd6 17. Be3 Rfc8 18. a3
h6 19. g3 Nd5 20. Bd2 b5 21. Rc5 b4 22. axb4 Ncxb4 23. Rxc8+ Bxc8 24. Qc4 Ba6
25. Qc5 Qxc5 26. dxc5 Bxd3 0-1

[Event "Floripa Chess Open 2024"]
[Site "Florianopolis"]
[Date "2024.01.22"]
[Round "3.66"]
[White "Cordero, Daniela"]
[Black "Costa, Ricardo Santos"]
[Result "1-0"]
[WhiteElo "2028"]
[BlackElo "1731"]
[PlyCount "55"]
[EventDate "2024.01.20"]
[EventRounds "10"]
[EventCountry "BRA"]

1. d4 Nf6 2. Nf3 g6 3. g3 Bg7 4. Bg2 O-O 5. c4 d6 6. O-O c6 7. Bd2 ({RR} 7.
Nbd2 Nbd7 8. b3 Re8 9. Ba3 Qc7 10. Qc2 e5 11. e3 h6 12. Rad1 exd4 13. Nxd4 a5
14. Nb1 Nc5 15. Nc3 Bd7 16. Rd2 Rad8 17. Re1 Qc8 18. Bb2 h5 19. a3 h4 20. b4
axb4 21. axb4 h3 {Halkias,S (2585)-Onischuk,V (2601) Doha 2016 0-1 (92)}) ({RR
} 7. Be3 b6 8. c5 bxc5 9. dxc5 d5 10. Nc3 Nbd7 11. Bd4 Re8 12. Re1 e5 13. Be3
d4 14. Bxd4 exd4 15. Qd2 dxc3 16. Qxc3 Nd5 17. Qd3 Nxc5 18. Qc4 Qb6 19. Rec1
Ne6 20. Qxc6 Qxc6 21. Rc4 Qxc4 {Alghala Ali,A (1109)-Pelomoh Jessica (1974)
chess.com INT 2021 0-1}) 7... Bf5 $146 ({RR} 7... Qc7 8. Nc3 e5 9. dxe5 dxe5
10. Qc2 Bf5 11. e4 Be6 12. Na4 Na6 13. Ng5 Bg4 14. h3 Bd7 15. b4 b6 16. Rab1 h6
17. Nf3 Be6 18. Bc3 Nd7 19. Nd2 b5 20. Nb2 c5 21. a3 cxb4 22. axb4 {Trojan,L  
(2106)-Postupa,P (2230) Czechia 1999 1/2-1/2 (37)}) ({RR} 7... Ne4 8. Be3 Nd7
9. Qc2 Ndf6 10. Ne1 d5 11. f3 Nd6 12. c5 Nf5 13. Bf2 h5 14. a4 Nd7 15. e3 e5
16. Qc3 exd4 17. exd4 Qf6 18. Nc2 Re8 19. Nd2 Nf8 20. Rae1 Bd7 21. f4 Ne6 22.
Nf3 {Richardsson,V-Petkovic,P (2170) Rodeby 1998 0-1 (42)}) 8. Nh4 Be4 9. f3
Bxb1 10. Rxb1 Nbd7 11. e4 e5 12. Be3 c5 13. dxe5 dxe5 14. Qd2 b6 15. Rbd1 (15.
Rbc1 Re8 16. Bh6 Nf8 17. Bxg7 Kxg7 18. f4) 15... Re8 16. Bh6 Nf8 17. Qc1 Qc7
18. Bxg7 Kxg7 19. f4 Rad8 20. Nf3 exf4 21. e5 Ng8 22. gxf4 Ne7 23. Ng5 h6 24.
Ne4 Rxd1 25. Rxd1 Nc6 26. Nd6 Rd8 27. Bd5 Nd4 28. Qe3 1-0

[Event "Floripa Chess Open 2024"]
[Site "Florianopolis"]
[Date "2024.01.22"]
[Round "3.67"]
[White "Dias, Clara"]
[Black "Cunha, Adriano De Jesus Si"]
[Result "1-0"]
[WhiteElo "1717"]
[BlackElo "2003"]
[PlyCount "85"]
[EventDate "2024.01.20"]
[EventRounds "10"]
[EventCountry "BRA"]

1. e4 e5 2. Nf3 Nc6 3. Bc4 Nf6 4. d3 Bc5 5. c3 d6 6. O-O a6 7. Bb3 Ba7 8. Nbd2
O-O 9. Re1 Na5 ({RR} 9... Nh5 10. Nf1 Qf6 11. Bg5 Qg6 12. Qd2 h6 13. Be3 Bxe3
14. Nxe3 Nf4 15. g3 Be6 16. Nh4 Qg5 17. Nhf5 Rae8 18. h4 Qg6 19. Kh2 Nh5 20.
Qe2 Nf6 21. Qf3 Kh8 22. Rg1 Bxb3 23. axb3 Nd8 24. Raf1 {Ehlvest,J (2600)
-Karpov,A (2750) Rotterdam 1989 1/2-1/2}) ({RR} 9... Kh8 10. Nf1 Ng4 11. d4 f5
12. exf5 Bxf5 13. h3 Nf6 14. dxe5 dxe5 15. Qxd8 Raxd8 16. Bg5 Ne4 17. Rxe4 Bxe4
18. Bxd8 Rxd8 19. Ng5 Bd5 20. Bxd5 Rxd5 21. Re1 Kg8 22. Re2 Rd1 23. Ne4 Kf7 24.
Neg3 {Bashirli,S (1597)-Taboas Rodriguez,D (2373) chess.com INT 2023 0-1 (68)})
10. Bc2 Bg4 $146 ({RR} 10... Ng4 11. d4 exd4 12. cxd4 Nc6 13. Nb3 Nf6 14. Bg5
h6 15. Bh4 Bg4 16. a3 g5 17. Bg3 Bh5 18. Qd2 Bg6 19. Rad1 d5 20. exd5 Bxc2 21.
Qxc2 Nxd5 22. Ne5 Nxe5 23. dxe5 c6 24. e6 Qf6 25. Be5 {Orlov,N-Zenin,D (2315)
Moscow 1997 0-1 (52)}) ({RR} 10... Ng4 11. d4 exd4 12. cxd4 c5 13. h3 Nf6 14.
e5 Ne8 15. dxc5 dxc5 16. Qe2 Nc6 17. Qe4 f5 18. Qf4 Nc7 19. a4 Kh8 20. Nb3 Ne6
21. Qc4 Qe7 22. Be3 b6 23. Rad1 Nb4 24. Bb1 Bb7 25. Rd6 {Lamorelle,Y (2221)
-Ouakhir,P (2106) France 2002 0-1 (37)}) 11. Nf1 h6 12. Ng3 Qd7 13. h3 Be6 14.
Nh2 Nc6 15. Qf3 Nh7 16. Bb3 Na5 17. Nf5 Nxb3 18. axb3 Bxf5 19. exf5 Rfe8 20.
Ng4 f6 21. Qxb7 Reb8 22. Qf3 a5 23. Be3 Bxe3 24. Nxe3 c6 25. Qg4 d5 26. Ra3 Rb5
27. Rea1 Rab8 28. Rxa5 Rxb3 29. Qa4 Rxb2 30. Rxd5 Rb1+ 31. Rxb1 Rxb1+ 32. Kh2
Qc7 33. Qc4 Kh8 34. g3 Ng5 35. Kg2 Nf7 36. Rc5 Qb7 37. Qe6 Ra1 38. Qxc6 Qb1 39.
Qe8+ Kh7 40. Kf3 Ng5+ 41. Kg4 Qb7 42. Rc8 Ra4+ 43. c4 1-0

[Event "Floripa Chess Open 2024"]
[Site "Florianopolis"]
[Date "2024.01.22"]
[Round "3.68"]
[White "Torres, Federico"]
[Black "Constantino, Pedro Henrique"]
[Result "1-0"]
[WhiteElo "2002"]
[BlackElo "1728"]
[PlyCount "81"]
[EventDate "2024.01.20"]
[EventRounds "10"]
[EventCountry "BRA"]

1. e4 c5 2. Nf3 d6 3. g3 g6 4. Bg2 Bg7 5. O-O Nc6 6. Re1 e5 7. c3 Nge7 8. d3
O-O 9. a3 h6 10. b4 b6 11. b5 Na5 12. c4 Be6 $146 ({RR} 12... f5 13. Bd2 fxe4
14. Bxa5 exf3 15. Bxf3 e4 16. Bxe4 Bxa1 17. Bxa8 bxa5 18. Nd2 Bd4 19. Rf1 d5
20. Nb3 Bh3 21. Nxd4 cxd4 22. Re1 Qxa8 23. Rxe7 dxc4 24. Re4 Qd5 25. f3 Bf5 26.
dxc4 Qxc4 27. Rxd4 {Zouizine,R (2096)-Bengherabi,K (2280) Agadir 2016 0-1 (42)}
) 13. Bb2 Kh7 14. Bc3 Nb7 15. Nbd2 Qd7 16. Qe2 f5 17. exf5 Nxf5 18. Ne4 Rab8
19. a4 Nd4 20. Nxd4 cxd4 21. Bb4 Bg4 22. f3 Bf5 23. a5 bxa5 24. Bxa5 Nxa5 25.
Rxa5 d5 26. cxd5 Rxb5 27. Nc5 Qe8 28. Qa2 Rf7 29. Rxb5 Qxb5 30. d6 Rf6 31. Qd5
Rf8 32. d7 Bxd7 33. f4 Bf5 34. fxe5 Qb4 35. Rf1 Re8 36. e6 Qd2 37. Rxf5 gxf5
38. Qxf5+ Kh8 39. Be4 Qe1+ 40. Kg2 Qd2+ 41. Kh3 1-0

[Event "Floripa Chess Open 2024"]
[Site "Florianopolis"]
[Date "2024.01.22"]
[Round "3.69"]
[White "Costa, Flavio Luis Cesar"]
[Black "Reis, Virginia Lagrange M"]
[Result "1/2-1/2"]
[WhiteElo "1994"]
[BlackElo "1676"]
[PlyCount "44"]
[EventDate "2024.01.20"]
[EventRounds "10"]
[EventCountry "BRA"]

1. e4 c5 2. Nf3 Nc6 3. d4 cxd4 4. Nxd4 g6 5. c4 Bg7 6. Be3 Nf6 7. Nc3 Ng4 8.
Qxg4 Nxd4 9. Qd1 Ne6 10. Qd2 O-O 11. Be2 d6 12. O-O Bd7 13. Rfd1 Bc6 14. f3 a5
({RR} 14... a6 15. Nd5 b5 16. Rac1 bxc4 17. Bxc4 Ba4 18. b3 Bb5 19. a4 Bxc4 20.
Rxc4 Rb8 21. b4 Qd7 22. Qc2 f5 23. Rc6 fxe4 24. Qxe4 Be5 25. Rxa6 Nd8 26. Ra7
Rb7 27. Nb6 Qc7 28. Rxb7 Nxb7 29. Rc1 {Cmilyte,V (2524)-Danielian,E (2476)
Beijing 2012 1-0}) 15. Rac1 Nc5 16. Bf1 $146 ({RR} 16. b3 Qb6 17. Rb1 Qb4 18.
Nd5 Bxd5 19. exd5 Rfc8 20. Qc1 Qc3 21. Kf2 Nd7 22. Qxc3 Bxc3 23. Bd4 Bb4 24.
Bb2 a4 25. Ra1 axb3 26. axb3 Nc5 27. Bd4 Nxb3 28. Rab1 Nxd4 29. Rxb4 Nxe2 30.
Kxe2 Rc7 {Saadi,J-Incutto,C Mar del Plata 1960 1/2-1/2 (54)}) ({RR} 16. Kh1 Qb6
17. Nb5 Rfd8 18. Rc2 Rd7 19. Qe1 Qd8 20. b3 Rc8 21. Na7 Ra8 22. Nxc6 bxc6 23.
Qf2 Ne6 24. f4 Nf8 25. f5 c5 26. Bg4 Rc7 27. Rcd2 Qe8 28. Qh4 a4 29. Rd3 axb3
30. axb3 Rca7 {Christiansen,L-Newbold,R Lone Pine,CA 1974 1/2-1/2 (49)}) 16...
b6 17. b3 Qc7 18. Nd5 Qb7 19. Bd4 f6 20. h4 h5 21. Be3 Kh7 22. Bd3 Bxd5 1/2-1/2